000 00523 a2200169 4500
020 _a019567197X
040 _aDLC
_bDLC
100 1 _aKing, Bruce Alvin.
245 1 0 _aModern Indian poetry in English
_cBruce King
250 _aRev. ed.
260 _aNew Delhi ;
_aNew York :
_bOxford University Press,
_c2004.
300 _ax, 416 p. ;
_c22 cm.
440 0 _aOxford India paperbacks.
500 _aIncludes index.
650 0 _aIndian poetry (English)
_y20th century
_xHistory and criticism.
942 _cBK
_k821.910954 KIN
_2ddc
999 _c5046
_d5046